[Event "Bodensee op"]
[Site "Bregenz"]
[Date "2019.06.02"]
[Round "9"]
[White "Wagner, Manfred"]
[Black "Nickel, Ruediger"]
[Result "0-1"]
[WhiteElo "2002"]
[BlackElo "2121"]
[PlyCount "62"]
[EventDate "2019.05.25"]
[EventType "swiss"]
[EventRounds "9"]
[EventCountry "AUT"]
[SourceTitle "CBM 190 Extra"]
[Source "ChessBase"]
[SourceDate "2019.07.15"]
[SourceVersion "1"]
[SourceVersionDate "2019.07.15"]
[SourceQuality "1"]

1. e4 c5 2. d4 cxd4 3. c3 dxc3 4. Nxc3 e6 5. Nf3 a6 6. Bc4 b5 7. Bb3 Nc6 8. 0-0 Nge7 9. Qe2 Na5 10. Bc2 Nec6 11. Rd1 Be7 12. e5 Bb7 13. a4 b4 14. Ne4 b3 15. Bb1 Nb4 16. Nd6+ Bxd6 17. Rxd6 Rc8 18. Bg5 Bxf3 19. Qd2 f6 20. Qxb4 fxg5 21. gxf3 0-0 22. Rxa6 Nc4 23. Qxb3 Nxe5 24. Be4 Qf6 25. a5 g4 26. f4 Qxf4 27. Qe3 Qf6 28. Ra2 Rc4 29. b3 Rc3 30. Qb6 Rc1+ 31. Kg2 Nf3 0-1

[Event "Bodensee op"]
[Site "Bregenz"]
[Date "2018.05.11"]
[Round "7"]
[White "Nickel, Ruediger"]
[Black "Dittmar, Peter"]
[Result "1/2-1/2"]
[WhiteElo "2086"]
[BlackElo "2290"]
[PlyCount "95"]
[EventDate "2018.05.05"]
[EventType "swiss"]
[EventRounds "9"]
[EventCountry "AUT"]
[SourceTitle "CBM 184 Extra"]
[Source "ChessBase"]
[SourceDate "2018.06.28"]
[SourceVersion "1"]
[SourceVersionDate "2018.06.28"]
[SourceQuality "1"]

1. e4 c6 2. d4 d5 3. exd5 cxd5 4. Bd3 Nc6 5. c3 Qc7 6. Ne2 Bg4 7. f3 Bh5 8. Bf4 Qd7 9. 0-0 e6 10. Na3 Bxa3 11. bxa3 Nge7 12. Bg3 Bg6 13. Bb5 0-0 14. Nf4 Nf5 15. Bf2 Nd6 16. Be2 Ne7 17. h4 h6 18. g4 Bh7 19. Kg2 Rac8 20. Be1 Nc4 21. Bxc4 Rxc4 22. Bd2 Qa4 23. Qe2 Nc6 24. Nh5 Qc2 25. Rf2 Qd3 26. Qe1 Qg6 27. Qe3 Kh8 28. Rh1 Bg8 29. Nf4 Qh7 30. h5 Ne7 31. Qe5 Rc6 32. Re2 f6 33. Qe3 Bf7 34. Qf2 Re8 35. Rhe1 Qg8 36. Kh1 Nc8 37. Qh4 Nd6 38. Nd3 Nc4 39. Bc1 Rcc8 40. Nf4 e5 41. Ng6+ Bxg6 42. hxg6 Qf8 43. a4 Kg8 44. Qh5 Kh8 45. f4 exd4 46. Rxe8 Rxe8 47. Rxe8 Qxe8 48. Qxd5 1/2-1/2

[Event "Bodensee op"]
[Site "Bregenz"]
[Date "2017.05.27"]
[Round "8"]
[White "Dittmar, Peter"]
[Black "Nickel, Ruediger"]
[Result "1/2-1/2"]
[WhiteElo "2294"]
[BlackElo "2140"]
[PlyCount "105"]
[EventDate "2017.05.20"]
[EventType "swiss"]
[EventRounds "9"]
[EventCountry "AUT"]
[SourceTitle "CBM 178 Extra"]
[Source "ChessBase"]
[SourceDate "2017.06.22"]
[SourceVersion "1"]
[SourceVersionDate "2017.06.22"]
[SourceQuality "1"]

1. e4 c5 2. Nf3 Nc6 3. Bb5 g6 4. Bxc6 dxc6 5. h3 Bg7 6. 0-0 Nf6 7. Re1 Qc7 8. e5 Nd5 9. d3 Bf5 10. a3 Qd7 11. Nbd2 h6 12. Ne4 b6 13. c4 Bxe4 14. Rxe4 Nc7 15. Qe2 0-0-0 16. d4 Ne6 17. Be3 cxd4 18. Bxd4 c5 19. Bc3 g5 20. Re1 h5 21. Nh2 Qd3 22. Qf3 Qxf3 23. Nxf3 Bh6 24. g3 Rd3 25. Kg2 Rhd8 26. Nh2 Nd4 27. Bxd4 cxd4 28. Nf3 Kc7 29. g4 h4 30. R1e2 Rd1 31. Rd2 Rxd2 32. Nxd2 e6 33. Kf3 Bf8 34. Ke2 d3+ 35. Kd1 Bc5 36. f3 a5 37. Nb3 Kc6 38. Nc1 d2 39. Nb3 Rd3 40. Nxd2 Be3 41. Ke2 Rxd2+ 42. Kxe3 Rxb2 43. Rd4 Kc5 44. Rd7 Kxc4 45. Rxf7 Kd5 46. Rg7 Rb3+ 47. Ke2 Kxe5 48. Rxg5+ Kf4 49. Rh5 Rxa3 50. Rxh4 Re3+ 51. Kd2 Rxf3 52. Rh6 Ke5 53. Rh5+ 1/2-1/2

[Event "Bodensee op"]
[Site "Bregenz"]
[Date "2017.05.26"]
[Round "7"]
[White "Nickel, Ruediger"]
[Black "Cunningham, Robin J"]
[Result "1/2-1/2"]
[WhiteElo "2140"]
[BlackElo "2255"]
[PlyCount "81"]
[EventDate "2017.05.20"]
[EventType "swiss"]
[EventRounds "9"]
[EventCountry "AUT"]
[SourceTitle "CBM 178 Extra"]
[Source "ChessBase"]
[SourceDate "2017.06.22"]
[SourceVersion "1"]
[SourceVersionDate "2017.06.22"]
[SourceQuality "1"]

1. e4 c5 2. Nf3 Nc6 3. d4 cxd4 4. Nxd4 Nf6 5. Nc3 e5 6. Ndb5 d6 7. Bg5 a6 8. Bxf6 gxf6 9. Na3 b5 10. Nd5 f5 11. Bxb5 axb5 12. Nxb5 Ra4 13. Nbc7+ Kd7 14. 0-0 Rxe4 15. Qh5 Nd4 16. g3 Qg5 17. Qxf7+ Be7 18. f3 Re2 19. c3 Nc6 20. Ne6 Nd8 21. Nxg5 Nxf7 22. Nxf7 Rf8 23. Nxe7 Kxe7 24. Nh6 Rxb2 25. Rfb1 Rc2 26. a4 Rxc3 27. a5 Rc6 28. Rb6 Kd7 29. Rxc6 Kxc6 30. a6 Kb6 31. a7 Bb7 32. g4 fxg4 33. fxg4 d5 34. Nf5 Ra8 35. Kf2 Rxa7 36. Re1 Ra2+ 37. Kg3 e4 38. h4 Bc8 39. Kf4 h5 40. Ne7 Bxg4 41. Nxd5+ 1/2-1/2

[Event "Zuerich op-B 21th"]
[Site "Zuerich"]
[Date "1997.??.??"]
[Round "?"]
[White "Kuemin, Simon"]
[Black "Nickel, Ruediger"]
[Result "1-0"]
[WhiteElo "2155"]
[BlackElo "2270"]
[PlyCount "109"]
[EventDate "1997.12.26"]
[EventType "swiss"]
[EventRounds "6"]
[EventCountry "SUI"]
[SourceTitle "CBM 062 Extra"]
[Source "ChessBase"]
[SourceDate "1998.03.09"]
[SourceVersion "1"]
[SourceVersionDate "1998.03.09"]
[SourceQuality "1"]

1. d4 Nf6 2. c4 g6 3. Nc3 Bg7 4. e4 d6 5. Nf3 0-0 6. Be2 a5 7. 0-0 Na6 8. Re1 Bg4 9. Be3 Nd7 10. Rc1 e5 11. d5 Nac5 12. Nd2 Bxe2 13. Qxe2 f5 14. f3 Nf6 15. exf5 gxf5 16. Bxc5 dxc5 17. Qxe5 Ne8 18. Qe7 Nd6 19. Qxd8 Raxd8 20. f4 b6 21. Re7 Rf7 22. Rxf7 Kxf7 23. Re1 h5 24. Kf2 h4 25. a4 Bf6 26. Re2 Rg8 27. Nd1 Rd8 28. b3 Rh8 29. Kf3 Rd8 30. Nf2 Re8 31. Rxe8 Kxe8 32. Nd3 Kf7 33. Ne5+ Kg7 34. Ke3 Kh6 35. Nb1 Kg7 36. Nc3 Nf7 37. Nxf7 Kxf7 38. Nb5 Bd8 39. d6 cxd6 40. Nxd6+ Ke6 41. Nb5 Kf6 42. Nc3 Kg6 43. Nd5 Kh6 44. Kf3 Kg6 45. g3 hxg3 46. hxg3 Kh5 47. Nc3 Kg6 48. g4 fxg4+ 49. Kxg4 Kf6 50. Nd5+ Ke6 51. Kf3 Kf5 52. Ne3+ Kf6 53. Ke4 Ke6 54. Nd5 Kd6 55. f5 1-0

[Event "Wiesbaden op"]
[Site "Wiesbaden"]
[Date "1992.??.??"]
[Round "?"]
[White "Lutz, Klaus Juergen"]
[Black "Nickel, Ruediger"]
[Result "0-1"]
[WhiteElo "2270"]
[BlackElo "2240"]
[PlyCount "60"]
[EventDate "1992.??.??"]
[EventType "swiss"]
[EventRounds "9"]
[EventCountry "GER"]
[SourceTitle "GER"]
[Source "ChessBase"]
[SourceDate "1999.07.01"]
[SourceVersion "1"]
[SourceVersionDate "1999.07.01"]
[SourceQuality "1"]

1. e4 c5 2. b4 cxb4 3. a3 e6 4. axb4 Bxb4 5. c3 Be7 6. d4 Nf6 7. Bd3 d6 8. Ne2 Nc6 9. Na3 0-0 10. 0-0 a6 11. f4 e5 12. h3 Rb8 13. d5 Na5 14. Qa4 Nd7 15. Be3 b6 16. Rab1 exf4 17. Nxf4 Ne5 18. Be2 Bg5 19. Nc2 Qc7 20. Nd4 Bd7 21. Qb4 Nac4 22. Bc1 a5 23. Qb3 Bh6 24. Nh5 Nd2 25. Qc2 Be3+ 26. Kh1 Nxb1 27. Bxe3 Qxc3 28. Rxb1 Qxe3 29. Nc6 Bxc6 30. Rb3 Ba4 0-1

[Event "Dresden op 01st"]
[Site "Dresden"]
[Date "1992.??.??"]
[Round "?"]
[White "Nickel, Ruediger"]
[Black "Schuh, Hubert"]
[Result "0-1"]
[WhiteElo "2240"]
[BlackElo "2370"]
[PlyCount "96"]
[EventDate "1992.07.??"]
[EventType "swiss"]
[EventRounds "9"]
[EventCountry "GER"]
[SourceTitle "TD"]
[Source "ChessBase"]
[SourceDate "1994.03.01"]
[SourceVersion "1"]
[SourceVersionDate "1994.03.01"]
[SourceQuality "1"]

1. e4 c5 2. Nf3 e6 3. d4 cxd4 4. Nxd4 Nf6 5. Nc3 d6 6. Be2 Be7 7. 0-0 0-0 8. f4 Nc6 9. Kh1 e5 10. Nb3 exf4 11. Bxf4 Be6 12. Bf3 Ne5 13. Nd4 Qb6 14. h3 Rac8 15. Nd5 Nxd5 16. exd5 Bd7 17. Be4 g6 18. b3 Rfe8 19. Be3 Qd8 20. Qd2 Bf6 21. Bd3 a6 22. a4 Bg7 23. Rae1 Qh4 24. Bf2 Qh5 25. Be2 Bg4 26. c4 Bxe2 27. Nxe2 Nf3 28. gxf3 Bh6 29. Qd3 Qxh3+ 30. Kg1 Re5 31. Ng3 Bf4 32. Rxe5 Bxg3 33. Bxg3 Qxg3+ 34. Kh1 Qxe5 35. f4 Qh5+ 36. Kg2 Re8 37. Rf2 Re1 38. Rf1 Qg4+ 39. Kf2 Rxf1+ 40. Kxf1 Qxf4+ 41. Ke1 h5 42. Kd1 h4 43. c5 Qg4+ 44. Kc2 h3 45. cxd6 h2 46. d7 Qxd7 47. Qd1 Qf5+ 48. Kb2 Qe4 0-1

[Event "Wiesbaden op"]
[Site "Wiesbaden"]
[Date "1992.??.??"]
[Round "?"]
[White "Ottstadt, Ralph"]
[Black "Nickel, Ruediger"]
[Result "1-0"]
[WhiteElo "2265"]
[BlackElo "2240"]
[PlyCount "79"]
[EventDate "1992.??.??"]
[EventType "swiss"]
[EventRounds "9"]
[EventCountry "GER"]
[SourceTitle "GER"]
[Source "ChessBase"]
[SourceDate "1999.07.01"]
[SourceVersion "1"]
[SourceVersionDate "1999.07.01"]
[SourceQuality "1"]

1. d4 Nf6 2. Nf3 g6 3. g3 Bg7 4. Bg2 d6 5. 0-0 0-0 6. b3 c5 7. dxc5 dxc5 8. Bb2 Nc6 9. Ne5 Na5 10. Qxd8 Rxd8 11. Bc3 Ng4 12. Bxa5 Bxe5 13. Bxd8 Bxa1 14. Bxe7 Bf5 15. e4 Be6 16. h3 Ne5 17. f4 Bd4+ 18. Kh2 Nc6 19. Bd6 Rd8 20. e5 c4 21. c3 cxb3 22. axb3 Be3 23. Re1 Bb6 24. c4 Ba5 25. Rc1 Rd7 26. Nc3 Bxc3 27. Rxc3 Na5 28. Bd5 b6 29. b4 Bxd5 30. cxd5 Nb7 31. Rc8+ Rd8 32. Rxd8+ Nxd8 33. b5 Nb7 34. Be7 Kg7 35. Kg2 f5 36. e6 h6 37. Kf2 g5 38. Ke3 Kg6 39. Kd4 h5 40. h4 1-0

[Event "Moscow4"]
[Site "Moscow"]
[Date "1990.??.??"]
[Round "?"]
[White "Bjerring, Kai"]
[Black "Nickel, Ruediger"]
[Result "1-0"]
[WhiteElo "2325"]
[BlackElo "2240"]
[PlyCount "65"]
[EventDate "1990.??.??"]
[EventType "tourn"]
[EventRounds "11"]
[EventCountry "URS"]
[EventCategory "5"]
[SourceTitle "EXT 1997"]
[Source "ChessBase"]
[SourceDate "1996.11.15"]
[SourceVersion "1"]
[SourceVersionDate "1996.11.15"]
[SourceQuality "1"]

1. e4 c5 2. Nf3 e6 3. d4 cxd4 4. Nxd4 Nf6 5. Nc3 d6 6. Be2 Be7 7. 0-0 0-0 8. Kh1 Nc6 9. f4 a6 10. Be3 e5 11. Nf5 Bxf5 12. exf5 d5 13. fxe5 Nxe5 14. Bd4 Qc7 15. Bf3 Bc5 16. Nxd5 Nxd5 17. Bxe5 Qxe5 18. Qxd5 Bd6 19. Qxe5 Bxe5 20. Bxb7 Ra7 21. Bd5 Bxb2 22. Rab1 Bc3 23. Rf3 Rc7 24. Rb3 Re8 25. g3 Bd4 26. c4 Kf8 27. Ra3 Re1+ 28. Kg2 Rg1+ 29. Kh3 g5 30. fxg6 hxg6 31. Rxa6 f5 32. Rf4 Rh7+ 33. Rh4 1-0

[Event "Moscow4"]
[Site "Moscow"]
[Date "1990.??.??"]
[Round "?"]
[White "Nickel, Ruediger"]
[Black "Gavrilov, Alexei"]
[Result "1/2-1/2"]
[WhiteElo "2240"]
[BlackElo "2365"]
[PlyCount "122"]
[EventDate "1990.??.??"]
[EventType "tourn"]
[EventRounds "11"]
[EventCountry "URS"]
[EventCategory "5"]
[SourceTitle "EXT 1997"]
[Source "ChessBase"]
[SourceDate "1996.11.15"]
[SourceVersion "1"]
[SourceVersionDate "1996.11.15"]
[SourceQuality "1"]

1. e4 e6 2. d4 d5 3. Nd2 c5 4. exd5 exd5 5. Ngf3 Nf6 6. Bb5+ Bd7 7. Qe2+ Be7 8. dxc5 0-0 9. Bxd7 Nbxd7 10. Nb3 Nxc5 11. 0-0 Nce4 12. Be3 Qc7 13. Nbd4 Rfe8 14. Qd3 Bc5 15. h3 Rac8 16. c3 a6 17. Nf5 Qd7 18. Bxc5 Nxc5 19. Qc2 Nce4 20. N3d4 Re5 21. Ne3 Rce8 22. Ng4 Nxg4 23. hxg4 Nd6 24. f3 Nc4 25. Qf2 g6 26. Rfe1 Rxe1+ 27. Rxe1 Rxe1+ 28. Qxe1 Nxb2 29. Qh4 Qd6 30. Qg5 f6 31. Qc1 Nc4 32. f4 Qe7 33. Kf2 Qe4 34. Ne2 Qd3 35. g5 fxg5 36. fxg5 Nd2 37. Ke1 Ne4 38. Qf4 Qb1+ 39. Nc1 Qb6 40. Kf1 Qd8 41. Kg1 Nxg5 42. Nd3 Qb6+ 43. Kh2 Ne6 44. Qf6 Qe3 45. Qe7 Qe4 46. Nc5 Qf4+ 47. Kg1 Nxc5 48. Qxc5 Qf7 49. Qd6 h5 50. a4 Kh7 51. Qd8 Kh6 52. Qh8+ Qh7 53. Qd8 Qg7 54. Qxd5 Qxc3 55. a5 h4 56. Qd8 Qe1+ 57. Kh2 Qe5+ 58. Kg1 Qe1+ 59. Kh2 Qe5+ 60. Kg1 Qe4 61. Qd2+ g5 1/2-1/2

[Event "Budapest Spring op 06th"]
[Site "Budapest"]
[Date "1990.??.??"]
[Round "2"]
[White "Nickel, Ruediger"]
[Black "Moiseev, Viktor"]
[Result "0-1"]
[WhiteElo "2245"]
[BlackElo "2370"]
[PlyCount "62"]
[EventDate "1990.03.??"]
[EventType "swiss"]
[EventRounds "9"]
[EventCountry "HUN"]
[SourceTitle "CBM 017 Extra"]
[Source "ChessBase"]
[SourceDate "1990.09.01"]
[SourceVersion "1"]
[SourceVersionDate "1990.09.01"]
[SourceQuality "1"]

1. e4 c5 2. Nf3 d6 3. d4 cxd4 4. Nxd4 Nf6 5. Nc3 a6 6. Be2 e5 7. Nb3 Be7 8. Bg5 Be6 9. Bxf6 Bxf6 10. 0-0 0-0 11. Nd5 Nd7 12. Qd3 Rc8 13. c3 Bg5 14. Rad1 g6 15. Kh1 Re8 16. Qg3 Kh8 17. Bg4 f5 18. exf5 gxf5 19. Bh3 Bh6 20. Qf3 Qg5 21. Ne3 e4 22. Qg3 Qh5 23. Qxd6 Rc6 24. Qb4 Bf4 25. Nd4 Bd6 26. Qa4 Nc5 27. Qc2 f4 28. Bxe6 Nxe6 29. Nxc6 Bc7 30. Qxe4 fxe3 31. g3 e2 0-1